| 000 | 00466nam a2200169Ia 4500 | ||
|---|---|---|---|
| 003 | LK-CoDNM | ||
| 008 | 010623t1922 xxu||||| |||| 00| 1 sin d | ||
| 040 |
_aLK-CoDNM _dLK-CoDNM _eLK-CoDNM |
||
| 041 | _asin | ||
| 080 | _a104 D.11 | ||
| 245 | _aසප්තසූර්යෝදගමන සූත්රය | ||
| 246 | _aSaptha Suryodagamana Suthraya | ||
| 260 |
_bSevya Sri _aColombo _c1922 |
||
| 300 | _b55p., 21 cm | ||
| 650 | _aSuthra pitakaya | ||
| 942 | _cBK | ||
| 999 |
_c91376 _d91376 |
||